The dried prune industry of Australia / (Record no. 11742)

MARC details
000 -LEADER
fixed length control field 00843cam a22002771a 4500
001 - CONTROL NUMBER
control field agr60000375
003 - CONTROL NUMBER IDENTIFIER
control field DLC
005 - DATE AND TIME OF LATEST TRANSACTION
control field 20260227111020.0
008 - FIXED-LENGTH DATA ELEMENTS--GENERAL INFORMATION
fixed length control field 860219s1960 dcuab f000 0 eng c
010 ## - LIBRARY OF CONGRESS CONTROL NUMBER
LC control number agr60000375
035 ## - SYSTEM CONTROL NUMBER
System control number (OCoLC)13168754
040 ## - CATALOGING SOURCE
Original cataloging agency U.S. Dept. of Agr. Libr.
Transcribing agency NhD
Modifying agency DNAL
-- DLC
042 ## - AUTHENTICATION CODE
Authentication code premarc
043 ## - GEOGRAPHIC AREA CODE
Geographic area code u-at---
050 00 - LIBRARY OF CONGRESS CALL NUMBER
Classification number S21
Item number .S2383 no. 97
070 0# - NATIONAL AGRICULTURAL LIBRARY CALL NUMBER
Classification number A281.9
Item number F76Fm no.97
072 0# - SUBJECT CATEGORY CODE
Subject category code F110
100 1# - MAIN ENTRY--PERSONAL NAME
Personal name De Goede, Cornelis,
Dates associated with a name 1921-
245 14 - TITLE STATEMENT
Title The dried prune industry of Australia /
Statement of responsibility, etc. by Cornelis De Goede.
260 ## - PUBLICATION, DISTRIBUTION, ETC.
Place of publication, distribution, etc. [Washington, D.C.] :
Name of publisher, distributor, etc. Foreign Agricultural Service, U.S. Dept. of Agriculture,
Date of publication, distribution, etc. 1960.
300 ## - PHYSICAL DESCRIPTION
Extent iv, 12 p. :
Other physical details ill., 1 map ;
Dimensions 26 cm.
490 1# - SERIES STATEMENT
Series statement FAS-M ;
Volume/sequential designation 97
500 ## - GENERAL NOTE
General note Caption title.
650 #0 - SUBJECT ADDED ENTRY--TOPICAL TERM
Topical term or geographic name entry element Prune industry
Geographic subdivision Australia.
830 #0 - SERIES ADDED ENTRY--UNIFORM TITLE
Uniform title FAS M. ;
Volume/sequential designation 97.

No items available.

Powered by Koha